000 00330nam a2200133Ia 4500
008 240624s9999 xx 000 0 und d
041 _aeng
082 _a200 SAD
100 _aSADHGURU
245 _aINNER ENGINEERING A YOGI S GUIDE TO JOY
260 _c2016
_aNew Delhi
_bPenguin
300 _axii, 271 p.; 23 cm.
365 _cRS
999 _c30765
_d30765